| 000 | 00407nam a2200157Ia 4500 | ||
|---|---|---|---|
| 008 | 230917s9999||||xx |||||||||||||| ||und|| | ||
| 040 |
_e137905 _aMAIN |
||
| 041 | _aEnglish | ||
| 082 | _a519.2 C472E | ||
| 100 | _aChung, Kai Lai | ||
| 245 | 0 | _aElementary probability theory with stochastic processes | |
| 250 | _a3rd ed. | ||
| 260 |
_aNew Delhi _bNarosa _c1997 |
||
| 300 | _axvi, 325p. p. | ||
| 942 | _cBK | ||
| 999 |
_c100665 _d100665 |
||